000 00945cam a2200289 i 4500
999 _c39210
_d39210
001 39210
003 Mx-PuUPA
005 20191008155752.0
008 140415s1994 mx r 000 0 spa d
020 _a9682319463
040 _aMx-PuUPA
_bspa
_cMx-PuUPA
_dMx-PuUPA
_erda
041 0 _aspa
100 1 _aClavero, Bartolomé,
_98154
_eautor
245 1 0 _aDerecho indígena y cultura constitucional en América /
_cpor Bartolomé Clavero
250 _aPrimera edición /
_bnoviembre
264 4 _aMéxico, D.F. :
_bSiglo XXI Editores,
_c1994
300 _a210 páginas ;
_c21 cm
336 _atexto
_2rdacontent
_btxt
337 _asin medio
_2rdamedia
_bn
338 _avolumen
_2rdacarrier
_bnc
650 4 _aDerecho constitucional
_xÍndigenas
650 4 _aDerecho público
_xIndígenas
650 4 _aÍndigenas
_xCondiciones jurídicas
942 _2ddc
_cLI
_h342.8
_iC583